Eurowizja dla dzieci 2004 - Statystyki

Ogólne statystyki
  • Ten quiz został rozwiązany 24 razy
  • Średni wynik to 17 z 18
Statystyki odpowiedzi
Miejsce Państwo % Poprawnych
14 Białoruś
100%
8 Cypr
100%
1 Hiszpania
100%
13 Norwegia
100%
=17 Polska
100%
10 Belgia
95%
5 Dania
95%
6 Francja
95%
9 Grecja
95%
11 Holandia
95%
=17 Łotwa
95%
7 Macedonia
95%
4 Rumunia
95%
2 Wielka Brytania
95%
12 Malta
89%
16 Szwajcaria
89%
15 Szwecja
89%
3 Chorwacja
84%
Nie znaleziono quizów pasujących do podanych kryteriów
Rozkład punktacji
Procent ludzi z każdym wynikiem
Percentyl według liczby udzielonych odpowiedzi
Twoja historia wyników
Nie rozwiązałeś tego quizu